000 00528nam a2200181 i 4500
001 92098
003 ES-MaACL
005 20251012063044.0
007 t|
008 050221s1903 sp ||||1| spa d
100 1 _aLeyda, Rafael,
_d1870-1916
_972097
245 1 0 _aValle de lágrimas /
_cRafael Leyda ; prólogo de Pío Baroja.
260 _aMadrid :
_bP. Apalategui,
_c1903.
300 _aX, 151 p. ;
_c18 cm.
700 1 _aBaroja, Pío,
_d1872-1956
_925752
852 _aES-MaACL
_jF-10025
999 _c92098
_d92098